Naoto Fukasawa / (Record no. 353009)
[ view plain ]
| 000 -LEADER | |
|---|---|
| fixed length control field | 00998 a2200325 4500 |
| 003 - CONTROL NUMBER IDENTIFIER | |
| control field | OSt |
| 005 - DATE AND TIME OF LATEST TRANSACTION | |
| control field | 20180116192353.0 |
| 008 - FIXED-LENGTH DATA ELEMENTS--GENERAL INFORMATION | |
| fixed length control field | 120601t xxu||||| |||| 00| 0 eng d |
| 010 ## - LIBRARY OF CONGRESS CONTROL NUMBER | |
| LC control number | 2010280839 |
| 020 ## - INTERNATIONAL STANDARD BOOK NUMBER | |
| International Standard Book Number | 9780714845869 |
| 020 ## - INTERNATIONAL STANDARD BOOK NUMBER | |
| International Standard Book Number | 0714845868 |
| 035 ## - SYSTEM CONTROL NUMBER | |
| System control number | (OCoLC)ocn145082145 |
| 040 ## - CATALOGING SOURCE | |
| Transcribing agency | 0 |
| 082 04 - DEWEY DECIMAL CLASSIFICATION NUMBER | |
| Classification number | 745.2 |
| 245 00 - TITLE STATEMENT | |
| Title | Naoto Fukasawa / |
| Statement of responsibility, etc. | [edited by Naoto Fukasawa]. |
| 260 ## - PUBLICATION, DISTRIBUTION, ETC. | |
| Place of publication, distribution, etc. | London ; |
| -- | New York : |
| Name of publisher, distributor, etc. | Phaidon, |
| Date of publication, distribution, etc. | 2007. |
| 300 ## - PHYSICAL DESCRIPTION | |
| Extent | 239 p. : |
| Other physical details | col. ill. ; |
| Dimensions | 30 cm. |
| 600 10 - SUBJECT ADDED ENTRY--PERSONAL NAME | |
| Personal name | Fukasawa, Naoto, |
| Dates associated with a name | 1956- |
| 9 (RLIN) | 3700 |
| 600 10 - SUBJECT ADDED ENTRY--PERSONAL NAME | |
| Personal name | Fukasawa, Naoto, |
| Dates associated with a name | 1956- |
| 9 (RLIN) | 3701 |
| 600 10 - SUBJECT ADDED ENTRY--PERSONAL NAME | |
| Personal name | Fukasawa, Naoto. |
| 9 (RLIN) | 3702 |
| 650 10 - SUBJECT ADDED ENTRY--TOPICAL TERM | |
| Topical term or geographic name entry element | Industrial design |
| 9 (RLIN) | 3703 |
| 650 10 - SUBJECT ADDED ENTRY--TOPICAL TERM | |
| Topical term or geographic name entry element | New products |
| 9 (RLIN) | 3704 |
| 650 10 - SUBJECT ADDED ENTRY--TOPICAL TERM | |
| Topical term or geographic name entry element | Design |
| 9 (RLIN) | 3705 |
| 650 10 - SUBJECT ADDED ENTRY--TOPICAL TERM | |
| Topical term or geographic name entry element | Produits nouveaux |
| 9 (RLIN) | 3706 |
| 650 10 - SUBJECT ADDED ENTRY--TOPICAL TERM | |
| Topical term or geographic name entry element | Designers |
| Geographic subdivision | Japon. |
| 9 (RLIN) | 3707 |
| 650 10 - SUBJECT ADDED ENTRY--TOPICAL TERM | |
| Topical term or geographic name entry element | Industriedesign. |
| 9 (RLIN) | 3708 |
| 700 1# - ADDED ENTRY--PERSONAL NAME | |
| Personal name | Fukasawa, Naoto, |
| Dates associated with a name | 1956- |
| 9 (RLIN) | 3709 |
| 942 ## - ADDED ENTRY ELEMENTS (KOHA) | |
| Institution code [OBSOLETE] | SADA |
| Koha item type | Book |
| Call number prefix | 745.2 NAO 2007 |
| Source of classification or shelving scheme | |
| Withdrawn status | Lost status | Source of classification or shelving scheme | Damaged status | Not for loan | Permanent Location | Current Location | Date acquired | Total Checkouts | Total Renewals | Full call number | Barcode | Date last seen | Date last checked out | Cost, replacement price | Price effective from | Koha item type |
|---|---|---|---|---|---|---|---|---|---|---|---|---|---|---|---|---|
| School of Art Design and Architecture (SADA) | School of Art Design and Architecture (SADA) | 05/20/2011 | 2 | 1 | 745.2 NAO 2007 | SADA0001063 | 10/07/2024 | 10/01/2024 | 4366.00 | 08/05/2011 | Book |
